000 00295nam a22001337a 4500
008 170419b xxu||||| |||| 00| 0 eng d
020 _a9781319048617
041 _aeng
080 _a573
100 _a11
101 _aSHM
245 _aBIOLOGY HOW LIFE WORKS
_cMORRIS.J
942 _2udc
_cBK
999 _c11249
_d11249